|
|
|
|
| LEADER |
01037nam a2200253 a 4500 |
| 001 |
4086812 |
| 008 |
090527r20012000maua b 001 0 eng d |
| 999 |
|
|
|c 1089
|d 1089
|
| 010 |
|
|
|a \\\73010593
|
| 020 |
|
|
|a 0201054825
|
| 020 |
|
|
|a 8178082527
|
| 040 |
|
|
|a DLC
|c DLC
|d DLC
|d ICU
|
| 082 |
0 |
0 |
|a 530.4/1
|2 21
|
| 100 |
1 |
|
|a Omar, M. Ali.
|9 26506
|
| 245 |
1 |
0 |
|a Elementary solid state physics :
|b principles and applications /
|c M. A. Omar.
|
| 260 |
|
|
|a Reading, Mass. :
|b Addison-Wesley Pub. Co. ;
|a India :
|b Addison-Wesley Longman,
|c 2000 [reprinted 2001]
|
| 300 |
|
|
|a xv, 669 pages :
|b illustrations ;
|c 24 cm.
|
| 490 |
|
0 |
|a Addison-Wesley series in solid state sciences
|
| 504 |
|
|
|a Includes bibliographical references and index.
|
| 541 |
1 |
|
|e 00014559
|
| 650 |
|
0 |
|a Solid state physics.
|9 26507
|
| 852 |
4 |
|
|a Ayesha Abed Library
|j General shelf
|
| 942 |
|
|
|2 ddc
|c BK
|
| 952 |
|
|
|0 0
|1 0
|2 ddc
|4 0
|6 530_410000000000000_OMA_2001
|7 0
|9 983
|a BRACUL
|b BRACUL
|c GEN
|d 2009-06-24
|g 500.00
|l 12
|m 90
|o 530.41 OMA
|p 3010014559
|r 2025-11-02
|s 2022-06-15
|t 1
|v 1000.00
|w 2009-06-24
|y BK
|